2013 UK Singles Chart #1s - Statistics

General Stats
  • This quiz has been taken 42 times
  • The average score is 17 of 30
Answer Stats
Hint Answer % Correct
Miley Cyrus Wrecking Ball
91%
Macklemore & Ryan Lewis Thrift Shop
88%
Avicii Wake Me Up
85%
Robin Thicke Blurred Lines
79%
OneRepublic Counting Stars
76%
Lorde Royals
76%
Daft Punk Get Lucky
73%
James Arthur Impossible
73%
Martin Garrix Animals
70%
Ellie Goulding Burn
70%
Miley Cyrus We Can't Stop
70%
Icona Pop I Love It
67%
Naughty Boy La La La
67%
Justin Timberlake Mirrors
67%
Katy Perry Roar
67%
John Newman Love Me Again
55%
The Saturdays What About Us
55%
PJ & Duncan Let's Get Ready to Rhumble
52%
Sam Bailey Skyscraper
52%
Lily Allen Somewhere Only We Know
52%
Jason Derulo Talk Dirty
48%
will.i.am Scream & Shout
45%
Duke Dumont Need U (100%)
39%
Eminem The Monster
39%
Rudimental Waiting All Night
39%
Storm Queen Look Right Through
36%
Calvin Harris & Alesso Under Control
36%
Avicii I Could Be the One
30%
Bingo Players Get Up (Rattle)
24%
One Direction One Way Or Another (Teenage Kicks)
24%
No matching quizzes found
Score Distribution
Percent of People with Each Score
Percentile by Number Answered
Your Score History
You have not taken this quiz